Administración colonial española 1782-1810: el sistema de intendencias en el Virreinato del Río de la Plata
محفوظ في:
| المؤلف الرئيسي: | |
|---|---|
| التنسيق: | كتاب |
| اللغة: | الإسبانية |
| منشور في: |
Buenos Aires, Argentina
EUDEBA
1967
|
| الطبعة: | Segunda edición |
| سلاسل: | Biblioteca de América
|
| الموضوعات: | |
| الوسوم: |
إضافة وسم
لا توجد وسوم, كن أول من يضع وسما على هذه التسجيلة!
|
MARC
| LEADER | 00000nam a2200000 a 4500 | ||
|---|---|---|---|
| 001 | UCO0990 | ||
| 003 | CL-VaPUC | ||
| 005 | 20211020074451.0 | ||
| 008 | 000505e19670000AG |||||||||||||||||spa|d | ||
| 999 | |c 287625 |d 287623 | ||
| 040 | |c Pontificia Universidad Católica de Valparaíso | ||
| 082 | 0 | 4 | |a 982.02 LYN 1967 |b LYN |2 21 |
| 100 | |a Lynch, John |e autor |9 598078 | ||
| 245 | 1 | 0 | |a Administración colonial española 1782-1810: el sistema de intendencias en el Virreinato del Río de la Plata |
| 250 | |a Segunda edición | ||
| 260 | |a Buenos Aires, Argentina |b EUDEBA |c 1967 | ||
| 300 | |a 311 páginas | ||
| 490 | 0 | |a Biblioteca de América | |
| 583 | |a last modification |c 20121207 08:45:35 |k Rodrigo Vera | ||
| 600 | 0 | 7 | |a REAL HACIENDA |2 CL-VaPUC |9 442702 |z ESPAÑA |z ARGENTINA |
| 650 | 0 | |a Historia de Argentina |z ESPAÑA |z RIO DE LA PLATA |9 319851 | |
| 650 | 0 | |a Epoca colonial |z ARGENTINA |z ESPAÑA |9 352022 | |
| 650 | 7 | |a INTENDENCIAS |2 CL-VaPUC |9 373724 |z ARGENTINA |z RIO DE LA PLATA |z ESPAÑA | |
| 650 | 0 | |a Administración pública |z ARGENTINA |z RIO DE LA PLATA |z ESPAÑA |9 255343 | |
| 650 | 7 | |a CABILDOS |2 CL-VaPUC |9 375432 |z ARGENTINA |z RIO DE LA PLATA |z ESPAÑA | |
| 852 | |a BIBCUR | ||
| 942 | |c BK |2 ddc | ||
| 945 | |d 20000505 00:00:00 |a lriquelm | ||
| 952 | |0 0 |1 0 |2 ddc |4 0 |6 982_020000000000000_LYN_1967 |7 0 |8 A |9 334563 |a BIBHIS |b BIBHIS |d 2019-11-20 |i 1257765 |o 982.02 LYN 1967 |p 1257765 |r 2025-01-20 |t 1 |w 2019-11-20 |y BK |k HIS | ||